One Piece: Le top 20 du 5e sondage de popularité - Statistiques

Statistiques générales
  • Ce quiz a été pris 775 fois
  • Le résultat moyen est 16 sur 20
Statistiques - réponses
# Personnages % Correct
1 Monkey D. Luffy
100%
8 Nami
99%
3 Roronoa Zoro
99%
4 Sanji
99%
11 Nico Robin
96%
19 Brook
94%
7 Tony Tony Chopper
94%
16 Franky
93%
14 Shanks
93%
6 Portagas D. Ace
92%
13 Usopp
90%
2 Trafalgar Law
87%
5 Sabo
83%
17 Donquixote Doflamingo
79%
18 Eustass Kid
71%
15 Crocodile
67%
10 Boa Hancock
63%
12 Marco
54%
20 Bon Clay
35%
9 Bartoloméo
25%
Aucun quiz correspondant
Distribution des résultats
% des personnes avec chaque résultat
Percentile par nombre de réponses
Votre historique - résultats
Vous n’avez pas pris ce quiz